000 01133nam a22003617a 4500
001 BR9602821
003 BR-BrBNA
005 20230928095013.0
007 ta
008 230509b bl.||||| |||| 00| 0 por d
040 _aBR-BrBNA
_bpor
_cBiblioteca Nacional de Agricultura
041 _a(Por)
072 _aS40
090 _ S40 BR9602821
100 1 _aVasconcelos, F. de A.G. de
100 1 _aJansen, A.K.
100 1 _aRoncatto Filho, C.R.
100 1 _aFelipe, M.R.
100 1 _aAssis, M.A.A. de
100 1 _aZoldan, P.C.
100 1 _aBatista, S.M. de M.
100 1 _aSilva Filho, R.L. da
100 1 _aSchmidt, W.
111 1 _a8. Simposio Brasileiro de Alimentacao
_cJoao Pessoa, PB (Brazil)
_d14-19 Jun 1987
245 1 _aPlanejamento agricola alimentar em funcao das necessidades nutricionais da populacao do estado de Santa Catarina - Alimentos para todos no ano 2000
260 3 _aFlorianopolis, SC (Brasil):
_c1987.
300 _a99 p.
500 _a44 ref.; 41 tables
650 _aNutricao Humana
650 _aPrograma de Nutricao
909 _a202309
_bLucia
_c55
_dLucia Elande
942 _cBK
999 _c53941
_d53941